| 000 | 00544nam a22002177a 4500 | ||
|---|---|---|---|
| 999 |
_c6570 _d6570 |
||
| 001 | 6570 | ||
| 003 | BD-JhCC | ||
| 005 | 20180125173751.0 | ||
| 008 | 180125r19591968pk a|||| |||| 00| 0 eng d | ||
| 035 | _a(BD-JhCC)6570 | ||
| 040 |
_aBD-JhCC _dBD-JhCC |
||
| 041 | _aeng | ||
| 082 |
_a954.91 _bHAY 1968 |
||
| 100 | _aHaye, Kh. A. | ||
| 245 |
_aFirst Steps in Our History / _cKh. A. Haye |
||
| 260 |
_aLahore : _bFerozoono Ltd, _c1968. |
||
| 300 |
_a238 p. : _bill. ; _c18 cm. |
||
| 650 |
_aPakistan _xHistory |
||
| 942 |
_2ddc _cBK |
||